01079nas a2200289Ia 4500001002800000003001000028008004100038040002500079041001300104100001600117210002100133222002100154240003000175245003000205250001100235260000900246501012300255300001400378362003200392500007500424650003200499700001100531942000700542957000600549999003300555952020100588A08/R093-12402 [r000009739]IT-MiCISF161014c99999999xx |||||||||||| ||und|| aIT-MiCISFcIT-MiCISF aFRANCESE aSonet Denis aAmour et famille aAmour et famille aFidèle... pourquoi pas? 0aFidèle... pourquoi pas? a1a ed. c1992 bCISF - Centro Internazionale Studi Famiglia - Via Giotto, 36 20145 MILANO (non commercial uses only)cCopyright 2016 app. 16-20 an. 192, marzo-aprile [1992] a Tema: fedeltà, matrimonio-sacramento, comunicazione, amore, coniugi aFAMIGLIA - coppiavarticolo aAA.VV. cCR 71 a12402bSig1c231165d231165 0010406A_08_000000000000000_R09312402_R00000973971aCISFbCISFd2016-10-14l0oA08/R093-12402 [r000009739]r2016-10-14 00:00:00w2016-10-14yCRzData import 15.10.2016 / by Epidotti, Vaglietti